000
00284 a2200133 4500
001
154480
040
_c
Escola São Tomás de Aquino
100
_a
ORTHOF, Sylvia
240
1
0
_a
Poesia d´água
_l
por
245
1
0
_a
Poesia d´água
362
0
_a
2013
697
_a
Poesia
942
_c
BK
999
_c
154480
_d
154480